[Event "Deutsche Ländermeisterschaft 2019"]
[Site "Würzburg GER"]
[Date "2019.10.06"]
[Round "7"]
[White "Sauer, Tim"]
[Black "Mundt, Alexandra"]
[Result "1-0"]
[Termination "unterminated"]
[Board "2.7"]
[WhiteElo "1597"]
[BlackElo "1756"]
[WhiteClock "00:11:49"]
[BlackClock "00:00:41"]
[WhiteTeam "Niedersachsen"]
[BlackTeam "Schleswig-Holstein"]
[PlyCount "120"]
[WhiteFideId "16265726"]
[BlackFideId "16217276"]
[EventCountry "GER"]
[EventRounds "7"]
[EventType "team-swiss"]
[EventDate "2019.10.01"]

1. e4 {[%clk 1:30:59]} e5 {[%clk 1:30:54]} 2. Nf3 {[%clk 1:31:25]} Nf6 {[%clk
1:31:14]} 3. Nxe5 {[%clk 1:31:46]} d6 {[%clk 1:31:36]} 4. Nf3 {[%clk 1:32:13]}
Nxe4 {[%clk 1:31:58]} 5. Nc3 {[%clk 1:32:35]} Nxc3 {[%clk 1:32:20]} 6. dxc3
{[%clk 1:32:59]} Be7 {[%clk 1:32:42]} 7. Be3 {[%clk 1:33:23]} O-O {[%clk
1:32:30]} 8. Qd2 {[%clk 1:33:20]} Nc6 {[%clk 1:32:06]} 9. O-O-O {[%clk
1:27:09]} a6 {[%clk 1:29:32]} 10. Bd3 {[%clk 1:26:22]} Rb8 {[%clk 1:28:35]} 11.
h4 {[%clk 1:21:26]} b5 {[%clk 1:25:57]} 12. Ng5 {[%clk 1:13:50]} h6 {[%clk
1:21:31]} 13. Nf3 {[%clk 0:50:05]} Na5 {[%clk 1:02:01]} 14. Bxh6 {[%clk
0:40:38]} Nc4 {[%clk 0:57:42]} 15. Qf4 {[%clk 0:22:09]} Re8 {[%clk 0:45:05]}
16. Bg5 {[%clk 0:20:40]} Bxg5 {[%clk 0:34:20]} 17. hxg5 {[%clk 0:20:34]} Be6
{[%clk 0:28:20]} 18. Qh4 {[%clk 0:16:02]} Kf8 {[%clk 0:26:37]} 19. Qh8+ {[%clk
0:15:24]} Ke7 {[%clk 0:27:02]} 20. Qxg7 {[%clk 0:15:36]} Rg8 {[%clk 0:25:16]}
21. Qf6+ {[%clk 0:15:15]} Kf8 {[%clk 0:25:26]} 22. Qf4 {[%clk 0:15:16]} Ne5
{[%clk 0:18:34]} 23. Nxe5 {[%clk 0:15:04]} dxe5 {[%clk 0:19:02]} 24. Qxe5
{[%clk 0:12:00]} Qxg5+ {[%clk 0:19:20]} 25. Qxg5 {[%clk 0:12:14]} Rxg5 {[%clk
0:19:49]} 26. Rh8+ {[%clk 0:11:49]} Rg8 {[%clk 0:20:18]} 27. Rxg8+ {[%clk
0:12:17]} Kxg8 {[%clk 0:20:39]} 28. Be4 {[%clk 0:11:39]} Kf8 {[%clk 0:19:44]}
29. b3 {[%clk 0:11:48]} Rb6 {[%clk 0:17:48]} 30. Rd3 {[%clk 0:10:52]} Ke7
{[%clk 0:15:23]} 31. Kd2 {[%clk 0:10:50]} Bd7 {[%clk 0:14:00]} 32. Re3 {[%clk
0:10:24]} Kf6 {[%clk 0:12:47]} 33. Rf3+ {[%clk 0:10:22]} Ke7 {[%clk 0:12:14]}
34. g3 {[%clk 0:09:56]} c5 35. Re3 {[%clk 0:06:53]} Kf8 {[%clk 0:05:48]} 36. f4
{[%clk 0:04:23]} Rh6 {[%clk 0:05:09]} 37. Re2 {[%clk 0:00:44]} Bg4 {[%clk
0:04:11]} 38. Rg2 {[%clk 0:00:46]} Rd6+ {[%clk 0:01:45]} 39. Kc1 {[%clk
0:00:46]} Rd1+ {[%clk 0:01:47]} 40. Kb2 {[%clk 0:01:07]} Ke7 {[%clk 0:00:35]}
41. Bb7 {[%clk 0:01:15]} Rd6 {[%clk 0:30:30]} 42. Rh2 {[%clk 0:31:42]} a5
{[%clk 0:24:35]} 43. Rh4 Rg6 {[%clk 0:22:26]} 44. Bc6 {[%clk 0:27:22]} b4
{[%clk 0:20:05]} 45. cxb4 {[%clk 0:26:55]} axb4 {[%clk 0:19:46]} 46. Bd5 {[%clk
0:26:31]} Rg7 {[%clk 0:16:07]} 47. Rh1 {[%clk 0:25:45]} Kd6 {[%clk 0:14:04]}
48. Bc4 {[%clk 0:24:07]} Bf3 {[%clk 0:08:50]} 49. Re1 {[%clk 0:21:34]} Bg4
{[%clk 0:03:36]} 50. Re5 {[%clk 0:20:27]} f6 {[%clk 0:02:56]} 51. Rd5+ {[%clk
0:20:15]} Kc6 {[%clk 0:02:57]} 52. Rd8 {[%clk 0:19:56]} Bd7 {[%clk 0:02:44]}
53. Rg8 {[%clk 0:16:48]} Rh7 {[%clk 0:01:38]} 54. Rg6 {[%clk 0:16:58]} Rh2
{[%clk 0:01:55]} 55. Rxf6+ {[%clk 0:17:05]} Kc7 {[%clk 0:02:02]} 56. Bd3 {[%clk
0:14:49]} Rg2 {[%clk 0:01:53]} 57. Rg6 {[%clk 0:14:24]} Rf2 58. Rg5 {[%clk
0:14:04]} Kd6 {[%clk 0:00:47]} 59. a3 {[%clk 0:12:48]} Rf3 {[%clk 0:00:41]} 60.
a4 {[%clk 0:11:49]} Kd5 1-0

[Event "Deutsche Ländermeisterschaft 2019"]
[Site "Würzburg GER"]
[Date "2019.10.06"]
[Round "7"]
[White "Dahl, Christoph"]
[Black "Musiolik, David"]
[Result "1-0"]
[Termination "unterminated"]
[Board "3.3"]
[WhiteElo "2178"]
[BlackElo "2195"]
[WhiteClock "01:20:00"]
[BlackClock "00:16:22"]
[WhiteTeam "Sachsen"]
[BlackTeam "Rheinland-Pfalz"]
[PlyCount "120"]
[WhiteFideId "16240235"]
[BlackFideId "12972355"]
[EventCountry "GER"]
[EventRounds "7"]
[EventType "team-swiss"]
[EventDate "2019.10.01"]

1. e4 {[%clk 1:30:58]} e6 {[%clk 1:30:35]} 2. d4 {[%clk 1:30:54]} d5 {[%clk
1:30:53]} 3. Nc3 {[%clk 1:30:58]} Bb4 {[%clk 1:30:44]} 4. e5 {[%clk 1:30:35]}
c5 {[%clk 1:31:08]} 5. a3 {[%clk 1:30:33]} Bxc3+ 6. bxc3 Ne7 {[%clk 1:31:43]}
7. Qg4 {[%clk 1:30:48]} O-O {[%clk 1:32:00]} 8. Bd3 {[%clk 1:30:48]} f5 {[%clk
1:32:15]} 9. exf6 {[%clk 1:30:53]} Rxf6 {[%clk 1:32:28]} 10. Bg5 {[%clk
1:30:44]} Rf7 {[%clk 1:32:45]} 11. Qh5 {[%clk 1:30:29]} g6 {[%clk 1:32:45]} 12.
Qd1 {[%clk 1:30:07]} Qa5 {[%clk 1:32:03]} 13. Qd2 {[%clk 1:29:25]} Nbc6 {[%clk
1:31:56]} 14. Nf3 {[%clk 1:28:09]} Bd7 {[%clk 1:16:11]} 15. Ne5 {[%clk
1:25:29]} Nxe5 {[%clk 1:15:59]} 16. dxe5 {[%clk 1:25:58]} d4 {[%clk 0:57:22]}
17. cxd4 {[%clk 1:24:05]} Qxd2+ {[%clk 0:57:10]} 18. Bxd2 {[%clk 1:24:17]} cxd4
{[%clk 0:57:34]} 19. Bg5 {[%clk 1:23:41]} Bc6 {[%clk 0:54:07]} 20. f3 {[%clk
1:22:01]} Nd5 {[%clk 0:52:36]} 21. h4 {[%clk 1:20:36]} Nf4 {[%clk 0:47:27]} 22.
Bxf4 {[%clk 1:20:13]} Rxf4 {[%clk 0:47:50]} 23. h5 {[%clk 1:12:23]} Kg7 {[%clk
0:45:23]} 24. hxg6 {[%clk 1:11:49]} hxg6 {[%clk 0:45:45]} 25. Kf2 {[%clk
1:11:12]} Rg8 {[%clk 0:28:29]} 26. Rh3 {[%clk 1:05:42]} Be8 {[%clk 0:23:32]}
27. Rah1 {[%clk 1:04:24]} Kf8 {[%clk 0:18:12]} 28. Rh4 {[%clk 0:59:21]} Rxh4
{[%clk 0:16:01]} 29. Rxh4 {[%clk 0:59:50]} Ke7 {[%clk 0:14:51]} 30. Rxd4 {[%clk
0:59:55]} Bd7 {[%clk 0:09:19]} 31. Rc4 {[%clk 0:56:20]} Bc6 {[%clk 0:08:36]}
32. Rg4 {[%clk 0:53:25]} g5 {[%clk 0:08:18]} 33. Ke3 {[%clk 0:48:37]} Bd5
{[%clk 0:07:22]} 34. c4 {[%clk 0:48:30]} Bc6 {[%clk 0:07:37]} 35. Be4 {[%clk
0:48:45]} Kd7 {[%clk 0:06:30]} 36. Kd4 {[%clk 0:47:11]} Bxe4 {[%clk 0:06:09]}
37. Kxe4 {[%clk 0:47:40]} b6 {[%clk 0:05:31]} 38. Kd4 {[%clk 0:46:27]} Ke7
{[%clk 0:05:35]} 39. Kc3 {[%clk 0:45:13]} Kf7 {[%clk 0:05:04]} 40. f4 {[%clk
0:43:42]} gxf4 {[%clk 0:04:51]} 41. Rxg8 {[%clk 0:43:31]} Kxg8 {[%clk 0:05:19]}
42. Kd4 {[%clk 0:43:53]} Kf7 {[%clk 0:27:32]} 43. Ke4 {[%clk 1:14:36]} Kg6
{[%clk 0:26:11]} 44. Kxf4 {[%clk 1:15:05]} Kh5 {[%clk 0:25:47]} 45. g4+ {[%clk
1:15:13]} Kg6 {[%clk 0:23:44]} 46. a4 {[%clk 1:15:15]} Kh6 {[%clk 0:20:11]} 47.
a5 Kg6 {[%clk 0:20:24]} 48. axb6 {[%clk 1:15:20]} axb6 {[%clk 0:20:50]} 49. Kf3
{[%clk 1:15:40]} Kh6 {[%clk 0:19:07]} 50. Kg2 {[%clk 1:15:58]} Kg6 {[%clk
0:17:17]} 51. Kh3 {[%clk 1:16:21]} Kg5 {[%clk 0:16:59]} 52. Kg3 {[%clk
1:16:47]} Kh6 {[%clk 0:16:49]} 53. Kh4 {[%clk 1:17:13]} Kg6 {[%clk 0:17:10]}
54. g5 {[%clk 1:17:36]} Kg7 {[%clk 0:14:39]} 55. Kh5 {[%clk 1:18:03]} Kh7
{[%clk 0:15:03]} 56. g6+ {[%clk 1:18:29]} Kg8 {[%clk 0:14:58]} 57. Kh6 {[%clk
1:18:52]} Kh8 {[%clk 0:15:12]} 58. g7+ {[%clk 1:19:18]} Kg8 {[%clk 0:15:36]}
59. Kg6 {[%clk 1:19:38]} b5 {[%clk 0:16:01]} 60. c5 {[%clk 1:20:00]} b4 {[%clk
0:16:22]} 1-0

[Event "Deutsche Ländermeisterschaft 2019"]
[Site "Würzburg GER"]
[Date "2019.10.06"]
[Round "7"]
[White "Arnhold, Steffi"]
[Black "Reitz, Theresa"]
[Result "1-0"]
[Termination "unterminated"]
[Board "3.5"]
[WhiteElo "2048"]
[BlackElo "1935"]
[WhiteClock "00:06:45"]
[BlackClock "00:01:09"]
[WhiteTeam "Sachsen"]
[BlackTeam "Rheinland-Pfalz"]
[PlyCount "69"]
[WhiteFideId "12931365"]
[BlackFideId "12971901"]
[EventCountry "GER"]
[EventRounds "7"]
[EventType "team-swiss"]
[EventDate "2019.10.01"]

1. e4 {[%clk 1:30:58]} c5 {[%clk 1:30:53]} 2. Nf3 {[%clk 1:31:22]} e6 {[%clk
1:31:18]} 3. d4 {[%clk 1:31:42]} cxd4 {[%clk 1:31:41]} 4. Nxd4 {[%clk 1:32:05]}
a6 {[%clk 1:32:02]} 5. Bd3 {[%clk 1:32:19]} Qc7 {[%clk 1:32:23]} 6. O-O {[%clk
1:32:01]} Nf6 {[%clk 1:32:28]} 7. Nc3 {[%clk 1:32:12]} Bc5 {[%clk 1:32:43]} 8.
Nb3 {[%clk 1:28:31]} Ba7 {[%clk 1:33:02]} 9. Qe2 {[%clk 1:27:34]} Nc6 {[%clk
1:33:04]} 10. Kh1 {[%clk 1:21:31]} h5 {[%clk 1:32:09]} 11. f4 {[%clk 1:18:16]}
d6 {[%clk 1:29:38]} 12. Be3 {[%clk 1:10:21]} Bxe3 {[%clk 1:29:57]} 13. Qxe3
{[%clk 1:10:46]} Bd7 {[%clk 1:29:54]} 14. Be2 {[%clk 0:51:37]} O-O-O {[%clk
1:21:33]} 15. Na4 {[%clk 0:46:02]} Kb8 {[%clk 1:21:00]} 16. Nb6 {[%clk
0:45:00]} Be8 {[%clk 1:16:06]} 17. c3 {[%clk 0:36:30]} h4 {[%clk 1:12:49]} 18.
Rad1 {[%clk 0:33:27]} Nxe4 {[%clk 1:07:41]} 19. Bf3 {[%clk 0:26:46]} f5 {[%clk
0:59:55]} 20. c4 {[%clk 0:19:58]} Bh5 {[%clk 0:54:22]} 21. Rc1 {[%clk 0:13:02]}
Bxf3 {[%clk 0:33:27]} 22. gxf3 {[%clk 0:13:09]} Nc5 {[%clk 0:28:18]} 23. Nxc5
{[%clk 0:13:28]} dxc5 {[%clk 0:28:42]} 24. Na4 {[%clk 0:09:03]} Nd4 {[%clk
0:08:59]} 25. Rcd1 {[%clk 0:07:40]} h3 {[%clk 0:05:02]} 26. b4 {[%clk 0:04:02]}
Qc6 {[%clk 0:03:13]} 27. Nxc5 {[%clk 0:04:18]} Nxf3 {[%clk 0:02:34]} 28. b5
{[%clk 0:04:44]} Rxd1 {[%clk 0:01:10]} 29. Rxd1 {[%clk 0:05:10]} axb5 {[%clk
0:00:41]} 30. cxb5 {[%clk 0:05:36]} Qxb5 {[%clk 0:00:35]} 31. Nd7+ {[%clk
0:05:46]} Ka8 {[%clk 0:00:38]} 32. Qxf3 {[%clk 0:05:44]} Rd8 {[%clk 0:00:32]}
33. Qa3+ {[%clk 0:05:55]} Qa6 {[%clk 0:00:45]} 34. Nb6+ {[%clk 0:06:20]} Ka7
{[%clk 0:01:09]} 35. Qxa6+ {[%clk 0:06:45]} 1-0

[Event "Deutsche Ländermeisterschaft 2019"]
[Site "Würzburg GER"]
[Date "2019.10.06"]
[Round "7"]
[White "Metzdorf, Matteo"]
[Black "Peglau, Charis"]
[Result "1-0"]
[Termination "unterminated"]
[Board "3.6"]
[WhiteElo "1862"]
[BlackElo "1827"]
[WhiteClock "00:19:10"]
[BlackClock "00:37:30"]
[WhiteTeam "Rheinland-Pfalz"]
[BlackTeam "Sachsen"]
[PlyCount "87"]
[WhiteFideId "16209869"]
[BlackFideId "16219996"]
[EventCountry "GER"]
[EventRounds "7"]
[EventType "team-swiss"]
[EventDate "2019.10.01"]

1. e4 {[%clk 1:30:58]} c6 {[%clk 1:30:52]} 2. Nc3 {[%clk 1:31:12]} d5 {[%clk
1:31:16]} 3. Nf3 {[%clk 1:31:35]} Nf6 {[%clk 1:31:29]} 4. e5 {[%clk 1:20:49]}
Ne4 {[%clk 1:31:51]} 5. Ne2 {[%clk 1:18:24]} Qb6 {[%clk 1:32:06]} 6. d4 {[%clk
1:18:26]} e6 {[%clk 1:32:18]} 7. Ng3 {[%clk 1:13:07]} c5 {[%clk 1:31:53]} 8.
Bd3 {[%clk 1:07:33]} Nxg3 {[%clk 1:29:44]} 9. fxg3 {[%clk 0:53:07]} Nc6 {[%clk
1:29:19]} 10. O-O {[%clk 0:49:03]} cxd4 {[%clk 1:28:50]} 11. a3 {[%clk
0:41:57]} Bd7 {[%clk 1:24:13]} 12. Qe2 {[%clk 0:34:28]} Be7 {[%clk 1:19:46]}
13. Ng5 {[%clk 0:29:03]} Bxg5 {[%clk 1:19:29]} 14. Bxg5 {[%clk 0:29:20]} h6
{[%clk 1:19:30]} 15. Qh5 {[%clk 0:15:26]} Rf8 {[%clk 1:08:49]} 16. Bd2 {[%clk
0:00:34]} O-O-O {[%clk 1:07:06]} 17. b4 {[%clk 0:00:56]} Kb8 {[%clk 1:03:49]}
18. b5 {[%clk 0:00:39]} Na5 {[%clk 1:03:25]} 19. Bb4 {[%clk 0:00:57]} Rh8
{[%clk 0:58:40]} 20. Bd6+ {[%clk 0:01:11]} Ka8 {[%clk 0:59:05]} 21. Qxf7 {[%clk
0:01:15]} g5 {[%clk 0:58:12]} 22. Be7 {[%clk 0:01:02]} Nc4 {[%clk 0:46:08]} 23.
Bxd8 {[%clk 0:01:11]} Qxd8 {[%clk 0:45:09]} 24. Qf6 {[%clk 0:01:04]} Qc8 {[%clk
0:43:49]} 25. a4 {[%clk 0:00:39]} Ne3 {[%clk 0:44:11]} 26. Rf3 {[%clk 0:00:40]}
Ng4 {[%clk 0:43:16]} 27. Qe7 {[%clk 0:00:34]} Nxe5 {[%clk 0:43:25]} 28. Rf2
{[%clk 0:00:49]} Re8 {[%clk 0:33:57]} 29. Qd6 {[%clk 0:00:44]} Ng4 {[%clk
0:26:42]} 30. Rf7 {[%clk 0:01:07]} Rd8 {[%clk 0:27:07]} 31. Qe7 {[%clk
0:00:43]} Ne3 {[%clk 0:26:25]} 32. Re1 {[%clk 0:00:51]} Qb8 {[%clk 0:22:16]}
33. c3 {[%clk 0:00:40]} e5 {[%clk 0:19:34]} 34. cxd4 {[%clk 0:01:00]} exd4
{[%clk 0:20:03]} 35. Qf6 {[%clk 0:00:59]} Ng4 {[%clk 0:12:40]} 36. Qxd4 {[%clk
0:01:17]} h5 {[%clk 0:13:07]} 37. Bf5 {[%clk 0:00:56]} Bxf5 {[%clk 0:12:51]}
38. Rxf5 {[%clk 0:01:21]} Re8 {[%clk 0:12:28]} 39. Rxe8 {[%clk 0:00:43]} Qxe8
{[%clk 0:12:57]} 40. h3 {[%clk 0:00:46]} Nh6 {[%clk 0:11:20]} 41. Rxd5 {[%clk
0:27:09]} Nf7 {[%clk 0:40:38]} 42. Rd7 {[%clk 0:25:22]} h4 {[%clk 0:38:00]} 43.
Rxf7 {[%clk 0:18:48]} Qe1+ {[%clk 0:37:30]} 44. Rf1 {[%clk 0:19:10]} 1-0

[Event "Deutsche Ländermeisterschaft 2019"]
[Site "Würzburg GER"]
[Date "2019.10.06"]
[Round "7"]
[White "Kempe, Caius Emilian"]
[Black "Yue, Qizhou"]
[Result "1-0"]
[Termination "unterminated"]
[Board "3.7"]
[WhiteElo "1835"]
[BlackElo "1810"]
[WhiteClock "00:24:03"]
[BlackClock "00:08:28"]
[WhiteTeam "Sachsen"]
[BlackTeam "Rheinland-Pfalz"]
[PlyCount "111"]
[WhiteFideId "16246861"]
[BlackFideId "16273800"]
[EventCountry "GER"]
[EventRounds "7"]
[EventType "team-swiss"]
[EventDate "2019.10.01"]

1. d4 {[%clk 1:30:57]} Nf6 {[%clk 1:30:54]} 2. c4 {[%clk 1:31:23]} e6 {[%clk
1:31:18]} 3. Nc3 {[%clk 1:31:48]} Bb4 {[%clk 1:31:42]} 4. f3 {[%clk 1:32:14]}
d5 {[%clk 1:31:15]} 5. a3 {[%clk 1:32:31]} Bxc3+ {[%clk 1:30:33]} 6. bxc3
{[%clk 1:33:00]} c6 {[%clk 1:28:18]} 7. e3 {[%clk 1:31:21]} O-O {[%clk
1:27:29]} 8. Bd3 {[%clk 1:26:15]} c5 {[%clk 1:20:14]} 9. cxd5 {[%clk 1:26:23]}
exd5 {[%clk 1:20:09]} 10. Ne2 {[%clk 1:26:18]} Nc6 {[%clk 1:19:00]} 11. Kf2
{[%clk 1:25:01]} Re8 {[%clk 1:16:59]} 12. h4 {[%clk 1:23:56]} h5 {[%clk
1:09:55]} 13. Bb1 {[%clk 1:20:39]} Qe7 {[%clk 0:58:45]} 14. Nf4 {[%clk
1:19:40]} g6 {[%clk 0:49:38]} 15. Ra2 {[%clk 1:06:20]} Bd7 {[%clk 0:41:19]} 16.
Re2 {[%clk 1:04:08]} Rac8 {[%clk 0:36:16]} 17. Ba2 {[%clk 1:00:44]} cxd4 {[%clk
0:22:07]} 18. cxd4 {[%clk 1:00:15]} Qd6 {[%clk 0:22:00]} 19. Bb1 {[%clk
0:43:54]} Na5 {[%clk 0:18:42]} 20. Nd3 {[%clk 0:32:09]} Nc4 {[%clk 0:17:59]}
21. Qb3 {[%clk 0:31:06]} Bf5 {[%clk 0:16:47]} 22. a4 {[%clk 0:29:29]} Qb6
{[%clk 0:15:10]} 23. Qa2 {[%clk 0:23:53]} Re7 {[%clk 0:15:12]} 24. Rd1 {[%clk
0:20:49]} Rce8 {[%clk 0:13:30]} 25. Rde1 {[%clk 0:18:14]} Qc7 {[%clk 0:13:24]}
26. Nf4 {[%clk 0:13:34]} Bxb1 {[%clk 0:13:15]} 27. Qxb1 {[%clk 0:14:03]} Qd6
{[%clk 0:11:29]} 28. Qd3 {[%clk 0:13:44]} Qa6 {[%clk 0:09:37]} 29. Rc2 {[%clk
0:10:56]} Qxa4 {[%clk 0:07:00]} 30. Nxd5 {[%clk 0:10:48]} Nxd5 {[%clk 0:07:12]}
31. Qxc4 {[%clk 0:10:42]} Qxc4 {[%clk 0:07:19]} 32. Rxc4 {[%clk 0:11:11]} Nf4
{[%clk 0:07:18]} 33. Rd1 {[%clk 0:09:44]} Nd5 {[%clk 0:04:41]} 34. e4 {[%clk
0:09:44]} Rc7 {[%clk 0:04:12]} 35. Rxc7 {[%clk 0:08:37]} Nxc7 {[%clk 0:04:37]}
36. Bf4 {[%clk 0:08:04]} Ne6 {[%clk 0:04:45]} 37. Be3 {[%clk 0:08:13]} Rc8
{[%clk 0:04:08]} 38. d5 {[%clk 0:08:17]} Rc2+ {[%clk 0:03:28]} 39. Rd2 {[%clk
0:04:11]} Rxd2+ {[%clk 0:03:01]} 40. Bxd2 {[%clk 0:04:41]} Nc5 {[%clk 0:02:49]}
41. Ke3 {[%clk 0:02:41]} Nd7 {[%clk 0:02:41]} 42. Kd4 {[%clk 0:02:15]} Kf8
{[%clk 0:01:39]} 43. e5 {[%clk 0:00:38]} Ke8 {[%clk 0:30:13]} 44. g4 {[%clk
0:31:10]} b6 {[%clk 0:29:18]} 45. gxh5 {[%clk 0:30:32]} gxh5 {[%clk 0:29:40]}
46. f4 {[%clk 0:28:53]} a5 {[%clk 0:27:03]} 47. f5 {[%clk 0:27:01]} Nc5 {[%clk
0:24:14]} 48. Bg5 {[%clk 0:25:34]} Kd7 {[%clk 0:20:51]} 49. e6+ {[%clk
0:25:17]} fxe6 {[%clk 0:20:46]} 50. fxe6+ {[%clk 0:23:35]} Nxe6+ {[%clk
0:20:24]} 51. dxe6+ {[%clk 0:23:54]} Kxe6 {[%clk 0:20:48]} 52. Bd8 {[%clk
0:23:08]} Kf5 {[%clk 0:12:15]} 53. Bxb6 {[%clk 0:23:25]} Kg4 {[%clk 0:09:28]}
54. Bd8 {[%clk 0:23:44]} Kf5 {[%clk 0:08:58]} 55. Bxa5 {[%clk 0:24:03]} Kg6
{[%clk 0:08:28]} 56. Ke5 1-0

[Event "Deutsche Ländermeisterschaft 2019"]
[Site "Würzburg GER"]
[Date "2019.10.06"]
[Round "7"]
[White "Goldbeck, Lars"]
[Black "Gallasch, Jonas"]
[Result "1/2-1/2"]
[Termination "unterminated"]
[Board "4.3"]
[WhiteElo "2193"]
[BlackElo "2124"]
[WhiteClock "00:05:43"]
[BlackClock "00:05:08"]
[WhiteTeam "Bayern 1"]
[BlackTeam "Nordrhein-Westfalen"]
[PlyCount "53"]
[WhiteFideId "16208188"]
[BlackFideId "16222474"]
[EventCountry "GER"]
[EventRounds "7"]
[EventType "team-swiss"]
[EventDate "2019.10.01"]

1. d4 {[%clk 1:30:58]} Nf6 {[%clk 1:29:58]} 2. c4 {[%clk 1:31:17]} g6 {[%clk
1:29:40]} 3. Nc3 {[%clk 1:31:43]} d5 {[%clk 1:29:52]} 4. Nf3 {[%clk 1:32:07]}
Bg7 {[%clk 1:30:15]} 5. h4 {[%clk 1:32:33]} h6 {[%clk 1:22:45]} 6. cxd5 {[%clk
1:22:51]} Nxd5 {[%clk 1:22:57]} 7. e4 {[%clk 1:23:17]} Nxc3 {[%clk 1:23:19]} 8.
bxc3 {[%clk 1:23:45]} c5 {[%clk 1:23:31]} 9. Be3 {[%clk 1:24:11]} Qa5 {[%clk
1:21:54]} 10. Nd2 {[%clk 1:11:29]} cxd4 {[%clk 1:18:28]} 11. Nc4 {[%clk
1:08:09]} Qd8 {[%clk 0:58:24]} 12. cxd4 {[%clk 1:06:49]} O-O {[%clk 0:58:07]}
13. Be2 {[%clk 0:54:09]} Nc6 {[%clk 0:46:16]} 14. d5 {[%clk 0:49:56]} Nb4
{[%clk 0:44:41]} 15. Rb1 {[%clk 0:28:46]} Nxa2 {[%clk 0:44:29]} 16. Rb3 {[%clk
0:27:27]} Nc3 {[%clk 0:42:55]} 17. Qc1 {[%clk 0:26:39]} Nxe2 {[%clk 0:41:31]}
18. Kxe2 {[%clk 0:27:02]} h5 {[%clk 0:40:23]} 19. Bh6 {[%clk 0:20:26]} Qd7
{[%clk 0:21:31]} 20. f3 {[%clk 0:10:29]} b6 {[%clk 0:10:26]} 21. Bxg7 {[%clk
0:09:00]} Kxg7 {[%clk 0:10:47]} 22. Kf2 {[%clk 0:07:46]} Bb7 {[%clk 0:08:21]}
23. Qg5 {[%clk 0:06:27]} Rac8 {[%clk 0:07:00]} 24. Ne3 {[%clk 0:06:51]} f6
{[%clk 0:06:16]} 25. Qg3 {[%clk 0:07:05]} Kh7 {[%clk 0:06:01]} 26. Ra1 {[%clk
0:06:48]} Ba8 {[%clk 0:05:08]} 27. Qf4 {[%clk 0:05:43]} 1/2-1/2

[Event "Deutsche Ländermeisterschaft 2019"]
[Site "Würzburg GER"]
[Date "2019.10.06"]
[Round "7"]
[White "Hetzner, Hannes"]
[Black "Bashylina, Luisa"]
[Result "1-0"]
[Termination "unterminated"]
[Board "4.5"]
[BlackTitle "WCM"]
[WhiteElo "1996"]
[BlackElo "1933"]
[WhiteClock "00:05:44"]
[BlackClock "00:01:16"]
[WhiteTeam "Bayern 1"]
[BlackTeam "Nordrhein-Westfalen"]
[PlyCount "119"]
[WhiteFideId "16211936"]
[BlackFideId "12983292"]
[EventCountry "GER"]
[EventRounds "7"]
[EventType "team-swiss"]
[EventDate "2019.10.01"]

1. e4 {[%clk 1:30:58]} e6 {[%clk 1:30:51]} 2. d4 {[%clk 1:31:18]} d5 {[%clk
1:31:16]} 3. Nd2 {[%clk 1:31:24]} Nf6 {[%clk 1:31:40]} 4. e5 {[%clk 1:31:48]}
Nfd7 {[%clk 1:32:06]} 5. Bd3 {[%clk 1:32:03]} c5 {[%clk 1:32:18]} 6. c3 {[%clk
1:32:26]} Nc6 {[%clk 1:32:46]} 7. Ne2 {[%clk 1:32:50]} cxd4 {[%clk 1:33:08]} 8.
cxd4 {[%clk 1:33:12]} f6 {[%clk 1:33:28]} 9. exf6 {[%clk 1:33:36]} Nxf6 {[%clk
1:33:55]} 10. O-O {[%clk 1:33:55]} Bd6 {[%clk 1:34:17]} 11. Nf3 {[%clk
1:34:00]} Qc7 {[%clk 1:34:35]} 12. h3 {[%clk 1:32:39]} O-O {[%clk 1:34:47]} 13.
Be3 {[%clk 1:31:39]} Bd7 {[%clk 1:33:36]} 14. Nc3 {[%clk 1:30:51]} a6 {[%clk
1:33:28]} 15. Re1 {[%clk 1:30:34]} Rae8 {[%clk 1:32:03]} 16. Rc1 {[%clk
1:29:18]} Qb8 {[%clk 1:25:19]} 17. Bb1 {[%clk 1:20:57]} Re7 {[%clk 1:22:12]}
18. a3 {[%clk 1:15:51]} Be8 {[%clk 1:19:09]} 19. Nh4 {[%clk 1:02:33]} Bf4
{[%clk 1:11:27]} 20. Qd3 {[%clk 0:54:57]} g5 {[%clk 1:06:34]} 21. Nf3 {[%clk
0:47:17]} Bg6 {[%clk 0:57:33]} 22. Qd2 {[%clk 0:45:12]} Bxb1 {[%clk 0:53:19]}
23. Rxb1 {[%clk 0:43:27]} Rg7 {[%clk 0:47:30]} 24. Nxg5 {[%clk 0:34:38]} Bxg5
{[%clk 0:47:03]} 25. Bxg5 {[%clk 0:34:56]} Nxd4 {[%clk 0:46:52]} 26. Qxd4
{[%clk 0:34:54]} Rxg5 {[%clk 0:46:59]} 27. Qe3 {[%clk 0:31:00]} Rg6 {[%clk
0:45:33]} 28. Qxe6+ {[%clk 0:31:19]} Kh8 {[%clk 0:45:20]} 29. Qe5 {[%clk
0:22:19]} Qc8 {[%clk 0:43:47]} 30. Kh1 {[%clk 0:14:23]} Re8 {[%clk 0:39:03]}
31. Qd4 {[%clk 0:10:02]} Reg8 {[%clk 0:36:15]} 32. Re3 {[%clk 0:06:50]} Qf5
{[%clk 0:32:26]} 33. Rf3 {[%clk 0:05:44]} Qe6 {[%clk 0:28:44]} 34. Rd1 {[%clk
0:05:06]} Rd8 {[%clk 0:23:42]} 35. Qf4 {[%clk 0:04:07]} Rdg8 {[%clk 0:15:32]}
36. Qd4 {[%clk 0:02:41]} Rd8 {[%clk 0:15:43]} 37. Re3 {[%clk 0:02:25]} Qd6
{[%clk 0:11:53]} 38. Ne2 {[%clk 0:02:06]} Kg8 {[%clk 0:04:58]} 39. Ng3 {[%clk
0:01:15]} Qd7 {[%clk 0:03:25]} 40. Rde1 {[%clk 0:01:05]} Rc8 {[%clk 0:00:34]}
41. Re6 {[%clk 0:24:13]} Rc1 {[%clk 0:28:12]} 42. Qe3 {[%clk 0:22:14]} Rxe1+
{[%clk 0:26:16]} 43. Qxe1 {[%clk 0:22:37]} Kf7 {[%clk 0:25:15]} 44. Re5 {[%clk
0:21:04]} d4 {[%clk 0:21:52]} 45. Nf5 {[%clk 0:18:10]} Ng8 {[%clk 0:20:51]} 46.
Qe4 {[%clk 0:16:42]} d3 {[%clk 0:13:48]} 47. Qd5+ {[%clk 0:15:27]} Qxd5 {[%clk
0:13:55]} 48. Rxd5 {[%clk 0:15:50]} Ke6 {[%clk 0:12:35]} 49. Ne3 {[%clk
0:16:12]} Nf6 {[%clk 0:09:17]} 50. Rxd3 {[%clk 0:15:42]} Ne4 {[%clk 0:09:24]}
51. Kg1 {[%clk 0:15:49]} h5 {[%clk 0:08:32]} 52. g3 {[%clk 0:13:36]} Rf6 {[%clk
0:07:55]} 53. Nd1 {[%clk 0:13:46]} Ke5 {[%clk 0:06:14]} 54. Kg2 {[%clk
0:10:10]} Rb6 {[%clk 0:04:08]} 55. Ne3 {[%clk 0:08:59]} Ke6 {[%clk 0:02:59]}
56. b4 {[%clk 0:07:48]} Rc6 {[%clk 0:02:20]} 57. f3 {[%clk 0:07:01]} Nf6 {[%clk
0:02:13]} 58. g4 {[%clk 0:06:47]} Rc8 {[%clk 0:01:12]} 59. Nf5 {[%clk 0:05:44]}
Nd5 {[%clk 0:01:16]} 60. Rxd5 1-0